000 00660nam a2200193Ia 4500
999 _c22673
_d22673
003 OSt
005 20200515090745.0
008 190216s9999||||xx |||||||||||||| ||und||
020 _a9788172312961
040 _coclc
082 _a297
_bJAU/A
100 _aJauziah, Al Imam Shamsuddin Abi Abdullah Ibn Al Qayyim Al
_92285
245 0 _aAr-Ruh-The Soul`s Journey After Death /
_cAl Imam Shamsuddin Abi Abdullah Ibn Al Qayyim Al Jauziah
250 _a1st Ed.
260 _bIslamic Book Service,
_aNew Delhi:
_c2004.
300 _a72p
650 0 _aHistory & geography
_vIslamic History
_92271
942 _cBK
_2ddc
_h297
_iJAU/A
_k297
_mJAU/A